The home report (Record no. 109687)
[ view plain ]
| 000 -LEADER | |
|---|---|
| fixed length control field | 01366cad a22002535a 4500 |
| 001 - CONTROL NUMBER | |
| control field | E147698 |
| 008 - FIXED-LENGTH DATA ELEMENTS--GENERAL INFORMATION | |
| fixed length control field | 090605e20080319xxkb f s000 0 eng d |
| 035 ## - SYSTEM CONTROL NUMBER | |
| System control number | (Sirsi) u147698 |
| 041 0# - LANGUAGE CODE | |
| Language code of text/sound track or separate title | eng |
| 050 04 - LIBRARY OF CONGRESS CALL NUMBER | |
| Classification number | 306.1 $2 18 |
| 100 1# - MAIN ENTRY--PERSONAL NAME | |
| Personal name | Berry, Kate |
| 245 04 - TITLE STATEMENT | |
| Title | The home report |
| Medium | [electronic resource] |
| 260 ## - PUBLICATION, DISTRIBUTION, ETC. | |
| Place of publication, distribution, etc. | Edinburgh |
| Name of publisher, distributor, etc. | Scottish Parliament |
| Date of publication, distribution, etc. | 2008 |
| 490 #0 - SERIES STATEMENT | |
| Series statement | SPICe Briefing |
| Volume/sequential designation | (08/15) 19 March 2008 |
| 505 2# - FORMATTED CONTENTS NOTE | |
| Formatted contents note | Introduction -- Policy background -- Legislative framework -- Responsibility to prepare a Home Report -- The property questionnaire -- The 'single survey' -- The timelimits of the Home Report -- Exemptions from the Home Report requirements: right to buy properties -- The cost of the Home Report -- Enforcement of the Home Report Requirements -- The Home Report in practice -- Implementation -- Home Information Packs in England and Wales -- Sources |
| 520 ## - SUMMARY, ETC. | |
| Summary, etc. | Discusses the background to the introduction of the Home Report in Scotland, and looks at its potential impact. |
| 521 ## - TARGET AUDIENCE NOTE | |
| Target audience note | Advanced |
| 590 ## - LOCAL NOTE (RLIN) | |
| Local note | KA |
| 650 24 - SUBJECT ADDED ENTRY--TOPICAL TERM | |
| Topical term or geographic name entry element | HOME REPORT |
| 651 #4 - SUBJECT ADDED ENTRY--GEOGRAPHIC NAME | |
| Geographic name | Scotland |
| Chronological subdivision | 1999- |
| 690 ## - LOCAL SUBJECT ADDED ENTRY--TOPICAL TERM (OCLC, RLIN) | |
| Topical term or geographic name as entry element | PROPERTY-RESIDENTIAL PROPERTY-ACQUISITION AND DISPOSAL OF RESIDENTIAL PROPERTY |
| 856 40 - ELECTRONIC LOCATION AND ACCESS | |
| Uniform Resource Identifier | <a href="https://www.scottish.parliament.uk/business/research/subject/HouPla.htm">https://www.scottish.parliament.uk/business/research/subject/HouPla.htm</a> |
| Public note | View the briefing free of charge at www.scottish.parliament.uk... |
| 942 ## - ADDED ENTRY ELEMENTS (KOHA) | |
| Suppress in OPAC | 0 |
| Withdrawn status | Lost status | Source of classification or shelving scheme | Damaged status | Not for loan | Home library | Current library | Shelving location | Date acquired | Total Checkouts | Full call number | Barcode | Date last seen | Copy number | Price effective from | Koha item type |
|---|---|---|---|---|---|---|---|---|---|---|---|---|---|---|---|
| Dewey Decimal Classification | Virtual | Virtual | Online | 05/06/2009 | ONLINE PUBLICATION | 147698-2001 | 06/08/2019 | 1 | 06/08/2019 | Book |